|
|
|
|
| LEADER |
00000nab a2200000 a 4500 |
| 001 |
vtls008417735 |
| 003 |
SK-MaSNL |
| 005 |
20260304134256.0 |
| 008 |
250505c2005 xo qr|p|||||||000 b|slo |
| 015 |
|
|
|a SNBRB2005/12
|2 snkbucl
|
| 035 |
|
|
|a (uuid)b8f65e1d-8c8e-4832-9cc5-99eb81ba1171
|
| 035 |
|
|
|a urn:nbn:sk:snk-ab1shn
|
| 035 |
|
|
|a (urnnbn)urn:nbn:sk:snk:ar-a00fhg
|
| 038 |
|
|
|a SNKBUCL
|
| 040 |
|
|
|a SNKBUCL
|b slo
|c SNKBUCL
|e AACR2
|
| 041 |
0 |
|
|a slo
|
| 044 |
|
|
|a xo
|c SK
|
| 080 |
|
|
|a 792.077-053.2
|x (437.6)
|2 1997
|
| 100 |
1 |
|
|a Horváth, Karol D.,
|d 1961-
|4 ivr
|4 aut
|9 105062
|
| 245 |
1 |
0 |
|a Divadlo hrané deťmi nie je podradná odnož ochotníckeho hnutia
|c Karol Horváth, Peter Hudák
|
| 300 |
|
|
|b Fotogr.
|
| 650 |
0 |
7 |
|a detské divadlo, slovenské
|2 snkbucl
|9 1452000
|
| 650 |
0 |
7 |
|a detská dramatická tvorivosť
|2 snkbucl
|9 1038392
|
| 700 |
1 |
|
|a Hudák, Peter,
|d 1965-
|4 ive
|9 82032
|
| 773 |
0 |
|
|t Javisko
|g Roč. 37, č. 3 (2005), s. 28-29
|x 0323-2883
|
| 850 |
|
|
|a Slovenská národná knižnica
|
| 852 |
|
|
|a Slovenská národná knižnica
|
| 954 |
|
|
|a odborná, vedecká literatúra pôvodná (slovenská)
|2 lita
|
| 958 |
|
|
|a article27
|
| 958 |
|
|
|a OND
|
| 958 |
|
|
|a SK
|
| 958 |
|
|
|a EUIPO
|
| 999 |
|
|
|c 2906021
|d 2907951
|